000 01211naa a22003257a 4500
001 BR7908076
003 BR-BrBNA
005 20240918174521.0
007 ta
008 230509b bl.||||| |||| 00| 0 por d
040 _aBR-BrBNA
_bpor
_cBiblioteca Nacional de Agricultura
041 _a(Pt)
072 _aF40; F10
_b/G514
090 _aF40 BR7908076
100 1 _aArruda, H.V. de
100 1 _aPinto, H.S.
100 1 _aAlfonsi, R.R.
111 1 _a1. Reuniao de Tecnicos em Rizicultura do Estado de Sao Paulo
_cCampinas, SP (Brazil)
_d5 Mar 1979
245 1 _aProbabilidade de estiagens nos meses de janeiro e fevereiro na regiao de Campinas, Sao Paulo [Brasil]
260 3 _aCampinas, SP (Brasil):
_c1979.
500 _aAnais da 1. Reuniao de Tecnicos em Rizicultura do Estado de Sao Paulo Campinas, SP (Brasil): 1979. p. 143-145 (BR7908076-AM)F40
650 _aSECA
650 _aPRECIPITACAO PLUVIAL
650 _aEVAPOTRANSPIRACAO
650 _aCAMPINAS
650 _aSAO PAULO
773 0 _tAnais da 1. Reuniao de Tecnicos em Rizicultura do Estado de Sao Paulo
_wF40 BR7908076
_gCampinas, SP (Brasil), 1979. p. 143-145
909 _a202404
_bLucia
_c55
_dLucia Elande
942 _cAM
_2AGRIS
999 _c311726
_d311726